[Event "Michigan Young Junior"]
[Site "South Lyon, MI"]
[Date "2003.03.09"]
[Round "1"]
[White "Gurski, Michael"]
[Black "Drew, Sha'toirea"]
[Result "1-0"]
[WhiteElo "1011"]
[BlackElo "789"]
[Annotator "Edward Laurin"]
[PlyCount "55"]
[EventDate "2003.03.09"]

1. e4 e5 2. Nf3 Nc6 3. Bc4 Nf6 4. Ng5 {Hey look, the fried liver again!} d5 5.
exd5 Nxd5 6. Nxf7 Kxf7 7. Qf3+ Ke8 {Just so everyone knows, 7) ... Ke6 is the
right move here. And I believe its even possible for black to hold the knight.}
8. Bxd5 Qd7 9. d3 Bc5 10. O-O Rf8 11. Bxc6 bxc6 12. Qh5+ g6 13. Qxe5+ Be7 14.
Bg5 {Pressure building up on that e-bishop.} Qe6 15. Qe3 {Why trade queens and
develope one of black's pieces? Let black trade if they really want to and
develope our rook.} c5 16. Nc3 Bd7 17. Rfe1 Kd8 18. Nd5 Re8 19. Qxe6 Bxe6 20.
Nxe7 Rxe7 21. Rxe6 Rb8 22. Rxe7 Rxb2 23. Rxh7+ Ke8 {Uh oh, a five move
checkmate just appeared on the board.} 24. Re1+ $1 Kf8 25. Bh6+ Kg8 26. Rg7+
Kf8 27. Rxc7+ Kg8 28. Re8# 1-0

[Event "Michigan Young Junior"]
[Site "South Lyon, MI"]
[Date "2003.03.09"]
[Round "2"]
[White "Gurski, Erin"]
[Black "Channing, Will"]
[Result "0-1"]
[WhiteElo "1337"]
[BlackElo "981"]
[PlyCount "31"]
[EventDate "2003.03.09"]

1. e4 e5 2. Nf3 Nc6 3. Bc4 Nf6 4. Ng5 d5 5. exd5 Nxd5 6. Nxf7 Kxf7 7. Qf3+ Qf6
8. Qxd5+ Be6 9. Qb5 Rb8 10. Bd5 Nd4 11. Bxe6+ Qxe6 12. Qa4 Qg4 13. Rg1 Nf3+ 14.
Kf1 Nxh2+ 15. Ke1 Qxa4 16. b3 0-1

[Event "Michigan Junior"]
[Site "South Lyon, MI"]
[Date "2003.03.09"]
[Round "4"]
[White "Gurski, Christina"]
[Black "Cox, Nicholas"]
[Result "0-1"]
[WhiteElo "1359"]
[BlackElo "1606"]
[Annotator "Edward Laurin"]
[PlyCount "102"]
[EventDate "2003.03.08"]

1. e4 c5 2. Nc3 Nc6 3. Nf3 d6 4. d4 cxd4 5. Nxd4 Nf6 6. Bb5 ({Normal lines are
} 6. Bc4 {as White doesn't really need to trade off on the c6 square anyway.})
6... Bd7 7. O-O g6 8. Be3 Bg7 9. Qd2 {White can't really play here without
giving up the bishop pair.} (9. f3 {or}) (9. h3 {is normally played first.})
9... Ng4 10. Nce2 Nxe3 11. Qxe3 O-O 12. Bd3 Nxd4 13. Nxd4 Qb6 14. c3 Qxb2 15.
Rfc1 Qb6 16. Rab1 Qc7 17. Bb5 a6 18. Bxd7 Qxd7 19. Rb3 Rfc8 20. Rcb1 b5 21. Rc1
Qb7 22. a3 Qb6 23. Qd3 Bxd4 $1 {Sweet. White cannot recapture because of ...
Rxc1+.} 24. Rc2 Bg7 25. Rb4 Rc7 26. Qd5 Rac8 27. c4 Rxc4 28. Rbxc4 Rxc4 29.
Rxc4 bxc4 30. Qxc4 Qc5 31. Qxc5 dxc5 32. Kf1 Bd4 33. f3 Kg7 34. Ke2 Kf6 35. Kd3
Ke5 36. g3 g5 37. a4 e6 38. h3 f5 39. a5 h5 40. h4 gxh4 41. gxh4 Kf4 42. exf5
exf5 43. Ke2 Kg3 44. Kf1 Kxf3 45. Ke1 Kg2 46. Ke2 f4 47. Kd3 f3 48. Ke4 f2 49.
Kf5 f1=Q+ 50. Kg5 Bg7 51. Kxh5 Qf5# 0-1

[Event "Michigan Young Junior"]
[Site "South Lyon, MI"]
[Date "2003.03.09"]
[Round "1"]
[White "Dvorak, Zach"]
[Black "Gurski, Erin"]
[Result "0-1"]
[WhiteElo "900"]
[BlackElo "1337"]
[Annotator "Edward Laurin"]
[PlyCount "116"]
[EventDate "2003.03.09"]

1. e4 e5 2. Nf3 Nc6 3. Nc3 Nf6 4. Bb5 Bb4 {This loses some time in the
four-knights defense.} (4... Bb4 {(eg:} 5. Nd5 Bc5 {) Besides, Black gets no
advantage from exchanging on the knight and taking the e-pawn since White can
do the same. Best to just develop without moving all these pieces twice.}) 5.
a3 {This move just gives Black her tempo back.} Bxc3 6. dxc3 d6 {Taking on e4
falls to Black's underdevelopement and uncastled king. (Hint for beginners:
Always castle before breaking open the center.)} 7. Bg5 Bd7 8. O-O O-O 9. b4
Qe7 10. Bc4 Be6 11. Bd5 Bxd5 12. exd5 e4 $2 {This move isolates Black's pawn.}
({Best is to play} 12... Nb8 {with the idea of Nbd7 on the next move. Black
has enough time to play it and with her superior pawn structure/knights in a
closed position should have a slight advantage.}) 13. Bxf6 $2 ({White needs to
play} 13. dxc6 exf3 14. Re1 {giving them a crushing lead in developement which
should be enough to win.}) 13... Qxf6 14. dxc6 {This just shatters White's
pawn structure further giving Black a difficult, but won, endgame.} exf3 15.
Qxf3 Qxf3 16. gxf3 bxc6 17. Rfe1 Rfe8 18. c4 d5 19. cxd5 cxd5 20. Kf1 Rad8 21.
Rad1 Rxe1+ 22. Rxe1 Kf8 23. Rd1 Rd6 $1 (23... Ke7 {centralizes black's king
quicker, but this move gives Black's rook a good deal of activity, which any
good player knows wins in a rook/rook endgame.}) 24. Ke2 Ke7 25. a4 Ke6 26. Kd3
Rc6 27. b5 Rc4 $1 {Black's rook is now centralized along the board and can
take advantage of White's weakened pawn structure.} 28. Ra1 Rf4 (28... Rh4 {
wins a pawn.}) 29. Ke3 g5 30. Ra3 Ke5 31. a5 Rb4 32. Rb3 Rc4 33. c3 f5 34. Kd3
Rf4 35. Ke2 g4 36. fxg4 fxg4 37. Rb4 Re4+ ({Although this wins too, playing} 
37... Rxb4 38. cxb4 Kd4 {wins much quicker.}) 38. Rxe4+ Kxe4 39. a6 $2 {The
pawn break-through of b6 doesn't work here since black can recapture with the
c-pawn instead of the a-pawn. Although White doesn't have much play here since
Black's king is centralized. White's is not, and all of White's pawns are
backwards. This just shows very nice pre-planning of Black to realize a won
endgame and then trading off her pieces to get into it. - You don't always
have to checkmate in the middle game.} d4 40. cxd4 Kxd4 41. Kd2 Kc5 42. Kd3
Kxb5 43. Kd4 Kxa6 44. f4 gxf3 45. Ke3 Kb5 46. Kxf3 Kb4 47. h4 a5 48. Kg4 a4 49.
Kh5 a3 50. Kh6 a2 51. Kxh7 a1=Q 52. h5 c5 53. h6 c4 54. Kg6 c3 55. h7 c2 56.
Kf7 c1=Q 57. Kg8 Qc7 58. Kf8 Qh8# 0-1

[Event "GCCC March Action Mini-Swiss"]
[Site "Flint, MI"]
[Date "2003.03.12"]
[Round "1.2"]
[White "Aldrich, Justin"]
[Black "Aldrich, Jeff"]
[Result "1/2-1/2"]
[WhiteElo "1569"]
[BlackElo "1900"]
[PlyCount "98"]
[EventDate "2003.03.12"]

1. e4 c6 2. Nf3 d5 3. exd5 cxd5 4. d4 Nc6 5. c3 Nf6 6. Bf4 e6 7. Nbd2 Bd6 8.
Ne5 O-O 9. Ndf3 a6 10. Bg5 h6 11. Bh4 Be7 12. Bd3 Qe8 13. O-O b5 14. Qc1 Bb7
15. Bxf6 Bxf6 16. Ng4 Qe7 17. Qf4 Rfc8 18. h4 b4 19. Nxf6+ Qxf6 20. Qxf6 gxf6
21. Rac1 a5 22. c4 dxc4 23. Bxc4 Ne7 24. Nd2 Nf5 25. g3 Nxd4 26. Bd3 Nf3+ 27.
Nxf3 Bxf3 28. b3 e5 29. Bc4 Rd8 30. Rfe1 Rd2 31. Re3 e4 32. a4 bxa3 33. Ra1
Rad8 34. Rxf3 exf3 35. Rxa3 Rd1+ 36. Kh2 h5 37. Rxa5 Rc1 38. Rxh5 Rdd1 39. Kh3
Kg7 40. Rf5 Kg6 41. Rxf3 f5 42. h5+ Kg5 43. Rf4 f6 44. Be6 Rh1+ 45. Kg2 Rxh5
46. Rxf5+ Kg6 47. Rxh5 Kxh5 48. Bc4 Kg5 49. Kf3 Rc3+ 1/2-1/2

[Event "GCCC March Action Mini-Swiss"]
[Site "Flint, MI"]
[Date "2003.03.12"]
[Round "2.3"]
[White "Aldrich, Jeff"]
[Black "Thach, Scott"]
[Result "1-0"]
[WhiteElo "1900"]
[BlackElo "1336"]
[PlyCount "57"]
[EventDate "2003.03.12"]

1. d4 e6 2. c4 b6 3. Nc3 Bb7 4. e4 Bb4 5. f3 Bxc3+ 6. bxc3 Ne7 7. Bd3 O-O 8.
Ne2 d6 9. O-O Nd7 10. Ng3 c5 11. f4 f5 12. Qe2 Qe8 13. e5 d5 14. Be3 Rc8 15.
Rab1 Qf7 16. a4 dxc4 17. Bxc4 Nd5 18. Bd2 Rc7 19. Qf2 Rfc8 20. Bd3 c4 21. Bc2
Nf8 22. Rb2 Ng6 23. Ne2 Qd7 24. Rfb1 Nh8 25. Kh1 Nf7 26. Ng1 Nh6 27. h3 Nf7 28.
Nf3 Qe7 29. Kh2 1-0

[Event "GCCC March Action Mini-Swiss"]
[Site "Flint, MI"]
[Date "2003.03.12"]
[Round "3.2"]
[White "Aldrich, Jeff"]
[Black "Laurin, Ed"]
[Result "1-0"]
[WhiteElo "1900"]
[BlackElo "1833"]
[PlyCount "51"]
[EventDate "2003.03.12"]

1. d4 Nf6 2. c4 e6 3. Nc3 Bb4 4. e3 b6 5. Bd3 Bb7 6. Nf3 Ne4 7. Qc2 Nxc3 8.
bxc3 Bd6 9. e4 c5 10. e5 Be7 11. Be3 Bxf3 12. gxf3 cxd4 13. cxd4 Bb4+ 14. Ke2
Nc6 15. a3 Ba5 16. h4 d5 17. Qa4 Rc8 18. cxd5 Qxd5 19. Rhc1 O-O 20. Be4 Nxd4+
21. Qxd4 Qb5+ 22. Bd3 Qe8 23. Qe4 g6 24. Bh6 f5 25. exf6 Rxf6 26. Rg1 1-0

[Event "Chess Express March Action"]
[Site "Ann Arbor, MI"]
[Date "2003.03.16"]
[Round "4"]
[White "Hamood, Al"]
[Black "Finegold, Ben"]
[Result "0-1"]
[WhiteElo "2074"]
[BlackElo "2640"]
[PlyCount "36"]
[EventDate "2003.03.16"]

1. e4 c5 2. Nf3 Nc6 3. d4 cxd4 4. Nxd4 Nf6 5. Nc3 d6 6. Be2 e5 7. Nb3 Be7 8.
O-O Be6 9. Be3 O-O 10. Qd2 a5 11. a4 Nb4 12. Bf3 Nd7 13. Rfd1 Nb6 14. Nb5 Nc4
15. Qc1 Nxe3 16. fxe3 Rc8 17. Nc3 Qb6 18. Qd2 Nxc2 0-1

[Event "National HS U1500"]
[Site "Columbus, OH"]
[Date "2003.03.23"]
[Round "7"]
[White "Thach, Scott"]
[Black "Hartsfield, Johnathan"]
[Result "1-0"]
[WhiteElo "1336"]
[BlackElo "1210"]
[PlyCount "125"]
[EventDate "2003.03.21"]

1. e4 c5 2. Nf3 Nc6 3. Bb5 Nf6 4. Bxc6 bxc6 5. d3 e6 6. e5 Nd5 7. c4 Nb6 8. Ng5
Be7 9. Ne4 O-O 10. Nd6 f6 11. Be3 fxe5 12. Bxc5 Nxc4 13. dxc4 Ba6 14. Nd2 Qc7
15. N2e4 Bxc4 16. Nxc4 Bxc5 17. Nxc5 d5 18. Nxe6 Qf7 19. Nxf8 Rxf8 20. O-O dxc4
21. Qd6 Qf5 22. Qxc6 Qc2 23. Qe6+ Kh8 24. Qxe5 h6 25. Qc3 Qe2 26. Rae1 Qg4 27.
Qa3 Rd8 28. Qxa7 Kh7 29. Qe7 Rd4 30. h3 Qf4 31. Re2 Kh8 32. Rfe1 Rd3 33. Qe8+
Kh7 34. Qe4+ Qxe4 35. Rxe4 Rd2 36. Rb1 c3 37. bxc3 Rxa2 38. Re7 Rc2 39. Rc7 Rd2
40. Rbb7 Rd3 41. Rxg7+ Kh8 42. Rge7 Rd1+ 43. Kh2 Rd8 44. Rh7+ Kg8 45. Rxh6 Rc8
46. Rd6 Rf8 47. Rdd7 Rxf2 48. Rb8+ Rf8 49. Rxf8+ Kxf8 50. Kg3 Ke8 51. Rh7 Kf8
52. Kg4 Kg8 53. Ra7 Kf8 54. Kf5 Ke8 55. Ke6 Kd8 56. Re7 Kc8 57. Rd7 Kb8 58. Kd6
Kc8 59. c4 Kb8 60. Rc7 Ka8 61. Kc6 Kb8 62. Kb6 Ka8 63. Rc8# 1-0

[Event "National HS U1500"]
[Site "Columbus, OH"]
[Date "2003.03.23"]
[Round "6"]
[White "Spontak, Tom"]
[Black "Thach, Scott"]
[Result "1-0"]
[WhiteElo "1245"]
[BlackElo "1336"]
[PlyCount "29"]
[EventDate "2003.03.21"]

1. e4 e6 2. Nf3 b6 3. d4 Bb7 4. Nc3 Bb4 5. Bd3 Bxc3+ 6. bxc3 Ne7 7. O-O O-O 8.
e5 f5 9. exf6 Rxf6 10. Bg5 Rf8 11. Nh4 h6 12. Qh5 hxg5 13. Bh7+ Kh8 14. Bg6+
Kg8 15. Qh7# 1-0

[Event "Millennium Chess Festival"]
[Site "Virginia Beach, VA"]
[Date "2003.03.29"]
[Round "2"]
[White "Finegold, Ben"]
[Black "Dennis, Ronald"]
[Result "1-0"]
[WhiteElo "2640"]
[BlackElo "1944"]
[PlyCount "57"]
[EventDate "2003.03.28"]

1. d4 d5 2. c4 c6 3. Nf3 Nf6 4. Nc3 g6 5. Bf4 Bg7 6. e3 O-O 7. Rc1 e6 8. Be2
Nbd7 9. O-O dxc4 10. Bxc4 Nb6 11. Be2 Nbd5 12. Be5 Nxc3 13. Rxc3 Ne4 14. Rc1 f6
15. Bf4 Qe7 16. Qc2 Nd6 17. Qc5 Nf5 18. Qc4 Kh8 19. Rfd1 Rd8 20. h3 Bd7 21. e4
Nh6 22. Qb3 Be8 23. e5 Ng8 24. Bc4 Bf7 25. Re1 Re8 26. exf6 Nxf6 27. Ng5 Nd5
28. Bxd5 cxd5 29. Rc7 1-0

[Event "Millennium Chess Festival"]
[Site "Virginia Beach, VA"]
[Date "2003.03.30"]
[Round "4"]
[White "Pomereano, Danie"]
[Black "Finegold, Ben"]
[Result "1/2-1/2"]
[WhiteElo "2060"]
[BlackElo "2640"]
[Annotator "Ben Finegold"]
[PlyCount "174"]
[EventDate "2003.03.28"]

1. e4 c5 2. Nf3 Nc6 3. d4 cxd4 4. Nxd4 Nf6 5. Nc3 d6 6. Bg5 e6 7. Qd2 a6 8.
O-O-O h6 9. Be3 Ng4 10. Nxc6 bxc6 11. Bc5 d5 12. Bxf8 Kxf8 13. h3 Nf6 14. g4
Rb8 15. Bg2 Ne8 16. f4 Nd6 17. b3 Qe7 18. Qd4 Nb5 19. Nxb5 axb5 20. exd5 cxd5
21. Rhe1 Ra8 22. Kb1 Qa3 23. Qb2 Qxb2+ 24. Kxb2 g5 25. fxg5 hxg5 26. c4 bxc4
27. bxc4 Rb8+ 28. Kc3 Bb7 29. cxd5 Bxd5 30. Bxd5 Rxh3+ 31. Rd3 Rxd3+ 32. Kxd3
exd5 33. Re5 f6 34. Rxd5 Ra8 35. Ke4 Rxa2 36. Kf3 Ra3+ 37. Kf2 Kf7 38. Rd6 Ra4
39. Kf3 Ke7 40. Rb6 Rd4 41. Ra6 Rd3+ 42. Kf2 Rd6 43. Ra8 Ke6 44. Re8+ Kd5 45.
Kf3 Kd4 46. Re7 Ra6 47. Rd7+ Ke5 48. Re7+ Kd5 49. Re8 Ra3+ 50. Kf2 Ra4 51. Kg3
Re4 52. Rd8+ Ke5 53. Re8+ Kd4 54. Rf8 Re6 55. Kf3 Re3+ 56. Kf2 Re6 57. Kf3 Rd6
58. Re8 Kd3 59. Re7 Kd4 60. Re4+ Kd5 61. Re8 Rd7 62. Rf8 Ke6 63. Re8+ Kf7 64.
Ra8 Rd3+ 65. Kf2 Ke6 66. Ra5 Rd5 67. Ra8 Rd4 68. Kg3 Rd3+ 69. Kf2 Ke5 70. Ra6
Rd6 71. Ra5+ Rd5 72. Ra6 Rb5 73. Kf3 Rb3+ 74. Kf2 Rd3 75. Rb6 Rd6 76. Rb5+ Rd5
77. Rb6 Rd2+ 78. Kf3 Rd3+ 79. Kf2 Rd4 80. Kf3 f5 81. gxf5 Kxf5 82. Rb3 Kg6 83.
Kg2 Rd2+ 84. Kg1 Kh5 85. Rc3 Kh4 86. Rb3 Kg4 87. Ra3 Re2 {And about 25 moves
later I stalemated him with K and P versus King.} 1/2-1/2

[Event "Michigan Class D/E"]
[Site "Auburn Hills, MI"]
[Date "2003.04.03"]
[Round "2.3"]
[White "Hodge, Larry"]
[Black "Zaremba, Anatoli"]
[Result "0-1"]
[WhiteElo "1320"]
[BlackElo "1195"]
[PlyCount "110"]
[EventDate "2003.04.26"]

1. c4 e6 2. Nc3 Nf6 3. Nf3 d5 4. cxd5 exd5 5. d4 Bf5 6. g3 Nbd7 7. Bg2 Bd6 8.
O-O O-O 9. Bg5 c6 10. Re1 Re8 11. e3 h6 12. Bxf6 Nxf6 13. Qd2 Ne4 14. Qc1 Nxc3
15. bxc3 Be4 16. Qd2 h5 17. Qe2 g6 18. a4 Kg7 19. Nd2 Bxg2 20. Kxg2 h4 21. Qg4
Rh8 22. Nf3 f5 23. Qg5 Be7 24. Qf4 h3+ 25. Kf1 Rh5 26. Ng1 Bf6 27. Qf3 c5 28.
Ne2 cxd4 29. cxd4 Qd7 30. Nf4 Rhh8 31. Nxd5 b5 32. axb5 Qxb5+ 33. Kg1 Qb7 34.
Rab1 Qd7 35. Nxf6 Kxf6 36. Rb7 Qa4 37. Rc1 Rhc8 38. Rbb1 Rxc1+ 39. Rxc1 Rc8 40.
Qd1 Qxd1+ 41. Rxd1 a5 42. Ra1 a4 43. Kf1 Ra8 44. Ke2 Kg5 45. f3 Kf6 46. f4 Rb8
47. Ra2 a3 48. Kf3 Rb3 49. d5 Ke7 50. g4 Kd6 51. gxf5 gxf5 52. Rd2 Rb2 53. Rd3
a2 54. Kg3 a1=Q 55. Kxh3 Qf1+ 0-1

[Event "Vandenburg Cup U1800"]
[Site "Lansing, MI"]
[Date "2003.04.06"]
[Round "3"]
[White "Saylor, Oliver"]
[Black "Munger, Larry"]
[Result "1-0"]
[WhiteElo "1427"]
[BlackElo "1566"]
[PlyCount "81"]
[EventDate "2003.04.06"]

1. e4 d6 2. d4 Nf6 3. Nc3 g6 4. Nf3 Bg7 5. h3 O-O 6. Bc4 c5 7. dxc5 dxc5 8. O-O
Nc6 9. Bf4 a6 10. Qc1 b5 11. Be2 b4 12. Na4 Nxe4 13. Bd3 Nf6 14. Nxc5 Nd4 15.
Nxd4 Qxd4 16. Nb3 Qb6 17. Bh6 Bb7 18. Bxg7 Kxg7 19. Qg5 Rad8 20. Rad1 Rd5 21.
Qf4 e5 22. Qe3 Qxe3 23. fxe3 Rfd8 24. Rc1 R5d6 25. Nc5 Bc8 26. Ne4 Nxe4 27.
Bxe4 a5 28. c3 f5 29. Bb1 Ba6 30. Rfe1 Rd2 31. Rc2 Rxc2 32. Bxc2 bxc3 33. bxc3
Rc8 34. Rd1 Rxc3 35. Rd7+ Kh6 36. Bxf5 Rc1+ 37. Kh2 Bc8 38. Re7 Bxf5 39. Rxe5
a4 40. e4 Re1 41. Kg3 1-0

[Event "Vandenburg Cup U1800"]
[Site "Lansing, MI"]
[Date "2003.04.06"]
[Round "2"]
[White "Pratt, Gary"]
[Black "Saylor, Oliver"]
[Result "0-1"]
[WhiteElo "1391"]
[BlackElo "1427"]
[PlyCount "54"]
[EventDate "2003.04.06"]

1. e4 c5 2. Nf3 d6 3. d4 cxd4 4. Nxd4 Nf6 5. Nc3 a6 6. g3 g6 7. Bg2 Bg7 8. O-O
O-O 9. h3 Nc6 10. Nde2 Be6 11. Nd5 Bxd5 12. exd5 Ne5 13. f4 Nc4 14. Qd3 Rc8 15.
b3 Nb6 16. Bb2 Nbd7 17. c4 Nc5 18. Qe3 Nxd5 19. Bxd5 Bxb2 20. Rab1 Bg7 21. b4
Nd7 22. Bxb7 Rxc4 23. Bxa6 Rc2 24. Qb3 Rc6 25. b5 Nc5 26. bxc6 Nxb3 27. axb3
Qb6+ 0-1

[Event "Chess Express April Action"]
[Site "Ann Arbor, MI"]
[Date "2003.04.06"]
[Round "4"]
[White "Natanzon, Mike"]
[Black "Finegold, Ben"]
[Result "0-1"]
[WhiteElo "2137"]
[BlackElo "2636"]
[PlyCount "26"]
[EventDate "2003.04.06"]

1. e4 e5 2. Nf3 Nc6 3. d4 exd4 4. Nxd4 Bc5 5. Be3 Qf6 6. c3 Nge7 7. Be2 Qg6 8.
Bf3 Ne5 9. O-O O-O 10. Nf5 Nxf5 11. Bxc5 Nh4 12. g3 Nhxf3+ 13. Kg2 d6 0-1

[Event "Chess Express April Action"]
[Site "Ann Arbor, MI"]
[Date "2003.04.06"]
[Round "2"]
[White "Lehmann, Alex"]
[Black "Finegold, Ben"]
[Result "0-1"]
[WhiteElo "1889"]
[BlackElo "2636"]
[PlyCount "80"]
[EventDate "2003.04.06"]

1. d4 d5 2. c4 Nc6 3. Nf3 Bg4 4. Nc3 Bxf3 5. exf3 e6 6. Be3 Nge7 7. Be2 g6 8.
O-O Bg7 9. cxd5 exd5 10. Qd2 O-O 11. Bb5 a6 12. Bxc6 Nxc6 13. Rac1 Na7 14. Qc2
c6 15. Qd2 Nb5 16. Nxb5 axb5 17. a3 Ra4 18. Rfd1 Re8 19. h3 Qh4 20. Rc3 f5 21.
Rd3 h6 22. Kh2 g5 23. g3 Qh5 24. f4 g4 25. h4 Re4 26. Qc3 Bf6 27. Kg2 Qe8 28.
Qc1 h5 29. Qd2 Kg7 30. Qc1 Kg6 31. Qc5 Rc4 32. Qa7 Rc2 33. Kg1 Qe7 34. Qa5 b4
35. axb4 Rxb2 36. Qc5 Rxb4 37. Qa7 Rb2 38. Qb8 Re2 39. Rb3 R4xe3 40. fxe3 Qe4
0-1

[Event "Chess Express April Action"]
[Site "Ann Arbor, MI"]
[Date "2003.04.06"]
[Round "3"]
[White "Finegold, Ben"]
[Black "Sudharsan, Krishnan"]
[Result "1-0"]
[WhiteElo "2636"]
[BlackElo "2009"]
[PlyCount "117"]
[EventDate "2003.04.06"]

1. e4 e6 2. d4 d5 3. Nc3 Bb4 4. e5 c5 5. a3 Bxc3+ 6. bxc3 Ne7 7. Nf3 Nbc6 8.
Bd3 Qa5 9. Bd2 Bd7 10. c4 Qc7 11. cxd5 Nxd5 12. c3 f6 13. exf6 gxf6 14. O-O
O-O-O 15. Be4 f5 16. Bxd5 exd5 17. Ne5 Nxe5 18. Bf4 Rhg8 19. Bxe5 Qc6 20. Re1
f4 21. Bxf4 Qg6 22. Bg3 h5 23. h4 Rdf8 24. Qe2 Rf5 25. Rab1 c4 26. Rb2 Re8 27.
Qd1 Rxe1+ 28. Qxe1 Qg7 29. Re2 b6 30. Re7 Rf7 31. Re5 Bc6 32. Rxh5 Kb7 33. Re5
Qf8 34. Qc1 Rg7 35. Qh6 Qg8 36. Re6 Ba4 37. h5 Bc2 38. Re5 Be4 39. Qf4 Ka6 40.
h6 Rg4 41. Rxe4 dxe4 42. h7 Qxh7 43. Qxg4 e3 44. fxe3 Qb1+ 45. Kh2 Qd3 46. Qc8+
Ka5 47. Qd7 a6 48. Qd6 Qxc3 49. d5 Qh8+ 50. Kg1 Qa1+ 51. Kf2 Qb2+ 52. Kf3 c3
53. Qb4+ Qxb4 54. axb4+ Kxb4 55. e4 c2 56. Bf4 Kc3 57. d6 a5 58. d7 a4 59. Bc1
1-0

[Event "Chess Express April Action"]
[Site "Ann Arbor, MI"]
[Date "2003.04.06"]
[Round "1"]
[White "Finegold, Ben"]
[Black "Giles, Jerome"]
[Result "1-0"]
[WhiteElo "2636"]
[BlackElo "1535"]
[PlyCount "57"]
[EventDate "2003.04.06"]

1. d4 Nf6 2. c4 g6 3. Nc3 Bg7 4. e4 d6 5. Be2 O-O 6. Bg5 c5 7. d5 e6 8. Nf3
exd5 9. cxd5 Bd7 10. Qb3 Qb6 11. Nd2 Re8 12. f3 Nh5 13. Qxb6 axb6 14. Nc4 h6
15. Bd2 b5 16. Nxd6 Re7 17. g4 Nf6 18. Ndxb5 Bxb5 19. Nxb5 Nxd5 20. exd5 Bxb2
21. Rd1 Rxa2 22. Kf2 Nd7 23. d6 Re5 24. Bf4 Rxe2+ 25. Kxe2 Be5+ 26. Rd2 Ra5 27.
Bxe5 Nxe5 28. Rc1 Kf8 29. d7 1-0

[Event "Vandenburg Cup U1800"]
[Site "Lansing, MI"]
[Date "2003.04.06"]
[Round "4"]
[White "Asbury, Victor"]
[Black "Saylor, Oliver"]
[Result "1-0"]
[WhiteElo "1497"]
[BlackElo "1427"]
[PlyCount "69"]
[EventDate "2003.04.06"]

1. c4 c6 2. Nc3 Nf6 3. g3 e6 4. Bg2 Bb4 5. Nf3 Bxc3 6. dxc3 O-O 7. O-O d5 8.
cxd5 cxd5 9. Bg5 h6 10. Bxf6 Qxf6 11. Qd4 Qxd4 12. cxd4 Nd7 13. Rac1 Nf6 14.
Rc2 Bd7 15. Rfc1 Rac8 16. Ne5 Rxc2 17. Rxc2 Rc8 18. Rxc8+ Bxc8 19. e3 Ne4 20.
Bxe4 dxe4 21. b4 f6 22. Nc4 Bd7 23. Nd6 Bc6 24. Nc8 a6 25. Ne7+ Kf7 26. Nxc6
bxc6 27. Kf1 f5 28. Ke2 Kf6 29. Kd2 e5 30. Kc3 g5 31. Kc4 exd4 32. Kxd4 Ke6 33.
Kc5 f4 34. g4 fxe3 35. fxe3 1-0

[Event "Universal Spring Open"]
[Site "Warren, MI"]
[Date "2003.04.12"]
[Round "4"]
[White "Finegold, Ben"]
[Black "Wilson, Vester"]
[Result "1-0"]
[WhiteElo "2636"]
[BlackElo "2066"]
[PlyCount "73"]
[EventDate "2003.04.12"]

1. d4 Nf6 2. c4 e6 3. Nc3 d5 4. Bg5 Be7 5. e3 O-O 6. Nf3 h6 7. Bxf6 Bxf6 8. Rc1
c6 9. Bd3 Nd7 10. O-O dxc4 11. Bxc4 c5 12. Ne4 cxd4 13. Nxf6+ Nxf6 14. Qxd4
Qxd4 15. Nxd4 Bd7 16. f3 Rac8 17. Kf2 e5 18. Nb3 a6 19. e4 b5 20. Bd5 Rxc1 21.
Rxc1 Nxd5 22. exd5 Rd8 23. Nc5 Bc8 24. Rd1 Rd6 25. Ne4 Rd8 26. d6 Be6 27. Nc5
Bxa2 28. b3 a5 29. d7 Kf8 30. Ra1 Bxb3 31. Nxb3 a4 32. Nc5 Ke7 33. Ke3 Ra8 34.
Ke4 Ra7 35. Kxe5 a3 36. Kd5 a2 37. Re1+ 1-0

[Event "Universal Spring Open"]
[Site "Warren, MI"]
[Date "2003.04.12"]
[Round "2"]
[White "Finegold, Ben"]
[Black "Kahn, Aaron"]
[Result "1-0"]
[WhiteElo "2636"]
[BlackElo "1934"]
[PlyCount "83"]
[EventDate "2003.04.12"]

1. e4 c5 2. Nf3 d6 3. c3 Nf6 4. Be2 g6 5. O-O Bg7 6. Re1 O-O 7. Bf1 Nc6 8. h3
Nd7 9. Na3 Rb8 10. d4 a6 11. d5 Nce5 12. Nh2 Nb6 13. f4 Ned7 14. Nf3 Qc7 15.
Be3 Na8 16. e5 b5 17. b4 cxb4 18. cxb4 dxe5 19. Rc1 Qb7 20. fxe5 Nxe5 21. Bf4
Nxf3+ 22. Qxf3 Qb6+ 23. Kh1 Rb7 24. d6 e5 25. Rc6 Qd8 26. Bxe5 Bxe5 27. Rxe5
Rd7 28. Nc2 Bb7 29. Nd4 Rxd6 30. Rxd6 Qxd6 31. Qe3 Nb6 32. Nb3 Qd1 33. Qf2 Nd7
34. Re2 Qd6 35. Rd2 Qe6 36. Kg1 Rc8 37. Qd4 Qb6 38. Qxb6 Nxb6 39. Nc5 Rc7 40.
Rd8+ Kg7 41. Rb8 Na4 42. Rxb7 1-0

[Event "Universal Spring Open"]
[Site "Warren, MI"]
[Date "2003.04.12"]
[Round "1"]
[White "Dillabough, Tracey"]
[Black "Finegold, Ben"]
[Result "0-1"]
[WhiteElo "1589"]
[BlackElo "2636"]
[PlyCount "66"]
[EventDate "2003.04.12"]

1. d4 Nf6 2. c4 c5 3. d5 e5 4. Nc3 d6 5. e4 Be7 6. Bd3 Nbd7 7. Nge2 h5 8. f4
exf4 9. Bxf4 Ng4 10. Ng3 g6 11. Qe2 Nde5 12. h3 Nxd3+ 13. Qxd3 Ne5 14. Bxe5
dxe5 15. O-O-O Bd6 16. Rhf1 Bd7 17. Rf2 h4 18. Rdf1 Qg5+ 19. Kc2 Qxg3 20. Qxg3
hxg3 21. Rxf7 Rf8 22. Rxf8+ Bxf8 23. Rf6 g5 24. Nb5 Bxb5 25. cxb5 Rd8 26. Re6+
Kf7 27. Rxe5 Be7 28. Rf5+ Kg6 29. Rf3 Bd6 30. Re3 Be5 31. Ra3 Rf8 32. Rd3 Rf2+
33. Rd2 Bf4 0-1

[Event "Universal Spring Open"]
[Site "Warren, MI"]
[Date "2003.04.13"]
[Round "6"]
[White "Finegold, Ben"]
[Black "Obukhov, Dmitriy"]
[Result "1-0"]
[WhiteElo "2636"]
[BlackElo "2051"]
[PlyCount "77"]
[EventDate "2003.04.12"]

1. d4 Nf6 2. c4 g6 3. Nc3 Bg7 4. Nf3 O-O 5. Bf4 d6 6. e3 Nbd7 7. Be2 c5 8. O-O
Nh5 9. Bg5 h6 10. Bh4 g5 11. Bg3 Nxg3 12. hxg3 f5 13. Qc2 Qe8 14. Rad1 Nf6 15.
dxc5 dxc5 16. Nd5 Rb8 17. Qd2 b6 18. Nxf6+ Bxf6 19. Ne5 Kg7 20. Qd5 Bb7 21. Qe6
Bc8 22. Qd5 Bb7 23. Qe6 Bc8 24. Nd7 Rb7 25. Nxf8 Bxe6 26. Nxe6+ Kg6 27. g4 Be5
28. Bd3 Bd6 29. Bxf5+ Kf6 30. b3 b5 31. cxb5 Rxb5 32. g3 Ra5 33. Rd2 Qb8 34. f4
gxf4 35. gxf4 h5 36. e4 hxg4 37. Bxg4 Kg6 38. Rg2 Kh7 39. Bf5+ 1-0